[Event "Prague op-A 13th"]
[Site "Prague"]
[Date "2014.01.10"]
[Round "1"]
[White "Nomin Erdene, Davaademberel"]
[Black "Kuba, Stanislav"]
[Result "1/2-1/2"]
[WhiteElo "1834"]
[BlackElo "2153"]
[PlyCount "86"]
[EventDate "2014.01.10"]
[EventType "swiss"]
[EventRounds "9"]
[EventCountry "CZE"]
[SourceTitle "CBM 158 Extra"]
[Source "ChessBase"]
[SourceDate "2014.02.28"]
[SourceVersion "1"]
[SourceVersionDate "2014.02.28"]
[SourceQuality "1"]

1. e4 g6 2. d4 Bg7 3. c4 d6 4. Nc3 Nf6 5. Nf3 c6 6. Be3 a6 7. a4 a5 8. Be2 Na6 9. Qd2 Nb4 10. 0-0 0-0 11. Bh6 Re8 12. Bxg7 Kxg7 13. Ne1 d5 14. e5 Ne4 15. Qe3 f5 16. f3 Nxc3 17. bxc3 Na6 18. c5 b5 19. cxb6 Qxb6 20. Nd3 Rb8 21. h4 h6 22. Qf2 Kh7 23. Bd1 Qc7 24. Bc2 Bd7 25. Nf4 e6 26. Bd3 Rb6 27. Bxa6 Rxa6 28. Nd3 Rb6 29. Rab1 Reb8 30. Qc2 Bc8 31. Nc5 Qe7 32. g3 f4 33. h5 Qg5 34. g4 Kg7 35. Rxb6 Rxb6 36. Qxg6+ Qxg6 37. hxg6 Kxg6 38. Rc1 Kg5 39. Rc2 Kh4 40. Kg2 Rb1 41. Nd3 Kg5 42. Nc5 Kh4 43. Nd3 Kg5 1/2-1/2